<?xml version="1.0" encoding="UTF-8"?>
<record
    xmlns:xsi="http://www.w3.org/2001/XMLSchema-instance"
    xsi:schemaLocation="http://www.loc.gov/MARC21/slim http://www.loc.gov/standards/marcxml/schema/MARC21slim.xsd"
    xmlns="http://www.loc.gov/MARC21/slim">

  <leader>00809cam a22002172  4500</leader>
  <datafield tag="999" ind1=" " ind2=" ">
    <subfield code="c">16494</subfield>
    <subfield code="d">16494</subfield>
  </datafield>
  <controlfield tag="001">0000025015</controlfield>
  <controlfield tag="003">OSt</controlfield>
  <controlfield tag="005">20170918162722.0</controlfield>
  <controlfield tag="008">140416s         xx           000 0 eng d</controlfield>
  <datafield tag="040" ind1=" " ind2=" ">
    <subfield code="a">KABU</subfield>
    <subfield code="c">KABU</subfield>
  </datafield>
  <datafield tag="050" ind1=" " ind2=" ">
    <subfield code="a">The HD2346 </subfield>
    <subfield code="b">.K4K57 2015</subfield>
  </datafield>
  <datafield tag="100" ind1="1" ind2=" ">
    <subfield code="a">Kiplagat, Jane Jepkosgei</subfield>
  </datafield>
  <datafield tag="245" ind1="1" ind2="3">
    <subfield code="a">Utilization of M-pesa and performance of small and medium scale businesses in Nakuru town /</subfield>
    <subfield code="c">Jane Jepkosgei Kiplagat</subfield>
  </datafield>
  <datafield tag="260" ind1=" " ind2=" ">
    <subfield code="a">Nakuru :</subfield>
    <subfield code="b">Kabarak University,</subfield>
    <subfield code="c">2015.</subfield>
  </datafield>
  <datafield tag="300" ind1=" " ind2=" ">
    <subfield code="a">xii, 76 leaves. </subfield>
  </datafield>
  <datafield tag="502" ind1=" " ind2=" ">
    <subfield code="a">Thesis (MBA) - Kabarak University, 2015.</subfield>
  </datafield>
  <datafield tag="650" ind1=" " ind2="0">
    <subfield code="a">Banks and banking, Mobile</subfield>
  </datafield>
  <datafield tag="650" ind1=" " ind2="0">
    <subfield code="a">Information technology</subfield>
    <subfield code="x">Economic aspects</subfield>
  </datafield>
  <datafield tag="650" ind1=" " ind2="0">
    <subfield code="a">Small business enterprises</subfield>
    <subfield code="x">Finance</subfield>
    <subfield code="z">Kenya</subfield>
  </datafield>
  <datafield tag="942" ind1=" " ind2=" ">
    <subfield code="2">lcc</subfield>
    <subfield code="c">THE</subfield>
    <subfield code="h">The HD2346 </subfield>
    <subfield code="i">.K4K57 2015</subfield>
    <subfield code="k">The</subfield>
  </datafield>
  <datafield tag="952" ind1=" " ind2=" ">
    <subfield code="0">0</subfield>
    <subfield code="1">0</subfield>
    <subfield code="2">lcc</subfield>
    <subfield code="7">0</subfield>
    <subfield code="a">KABU</subfield>
    <subfield code="b">KABU</subfield>
    <subfield code="d">2017-09-18</subfield>
    <subfield code="l">1</subfield>
    <subfield code="o">The HD2346  .K4K57 2015 c.1</subfield>
    <subfield code="p">026311</subfield>
    <subfield code="r">2017-10-31 00:00:00</subfield>
    <subfield code="s">2017-10-31</subfield>
    <subfield code="t">c.1</subfield>
    <subfield code="w">2017-09-18</subfield>
    <subfield code="y">THE</subfield>
  </datafield>
  <datafield tag="952" ind1=" " ind2=" ">
    <subfield code="0">0</subfield>
    <subfield code="1">0</subfield>
    <subfield code="2">lcc</subfield>
    <subfield code="7">0</subfield>
    <subfield code="a">KNTC</subfield>
    <subfield code="b">KNTC</subfield>
    <subfield code="d">2017-09-18</subfield>
    <subfield code="l">0</subfield>
    <subfield code="o">KTC The HD2346  .K4K57 2015 c.1</subfield>
    <subfield code="p">026355</subfield>
    <subfield code="r">2017-09-18 00:00:00</subfield>
    <subfield code="t">c.1</subfield>
    <subfield code="w">2017-09-18</subfield>
    <subfield code="y">THE</subfield>
  </datafield>
</record>
